| 000 | 00634nam a2200193Ia 4500 | ||
|---|---|---|---|
| 001 | 17541 | ||
| 003 | GE_BSU | ||
| 008 | 181216s||||||||xx |||||||||||||| ||und|| | ||
| 040 | _cGE_BSU | ||
| 080 | _a621.01(035.5) | ||
| 245 | _aСправочник машиностроителя. В 3-х томах. Том II. | ||
| 245 | _cРед. совет: Е.А.Чудаков. Гл. ред. тома: Э.А.Сатель. | ||
| 260 | _aМ. | ||
| 260 | _bМашиностроительное лит-ра. | ||
| 260 | _c1951. | ||
| 300 | _a1080 стр. 23 см. | ||
| 653 | _aСправочник машиностроителя. | ||
| 942 | _cBK | ||
| 999 |
_c50591 _d50591 |
||